Revista Jurd̕ica da FEPODI Federaȯ̂ Nacional dos Ps̤-Graduandos em Direito

Detalles Bibliográficos
Formato: eBook
Lenguaje:portugués
Publicado: San Pablo Letras Jurídicas Editora, 2011 -
Materias:
Acceso en línea:Acceso restringido

MARC

LEADER 00000nam a22000007a 4500
005 20210204234124.0
007 cr|||| ||||
008 210204c20119999br ar|w s|||| 0|||b1por d
022 |a 2236-6199 
035 |a 32521 
040 |a vLex 
090 |c 11096  |d 11096 
245 0 0 |a Revista Jurd̕ica da FEPODI Federaȯ̂ Nacional dos Ps̤-Graduandos em Direito  |h [Recurso electrn̤ico] / 
256 |a Servicio en ln̕ea 
260 |a San Pablo  |b Letras Jurídicas Editora,  |c 2011 - 
300 |a 1 recurso electrn̤ico 
310 |a Anual 
506 1 |a Disponible solo en los productos indicados  |d vLex Global  |d vLex Global (Academic Edition, excluding Law Schools)  |d vLex Global (U.S. Academic Edition, Law Schools)  |d vLex Global (U.S. Academic Edition, excluding Law Schools)  |d vLex Global (Academic Edition, Law Schools) 
650 0 4 |a Derecho Pb︢lico y Administrativo  |z Brasil 
740 0 |a vLex Revistas (Servicio en ln̕ea) 
856 4 0 |u http://vlex.com/source/revista-juridica-da-fepodi-federa-o-nacional-dos-pos-graduandos-em-direito-32521  |z Acceso restringido 
942 |c REV 
999 0 |a Public and Administrative Law